<?xml version="1.0" encoding="UTF-8"?>
<record
    xmlns:xsi="http://www.w3.org/2001/XMLSchema-instance"
    xsi:schemaLocation="http://www.loc.gov/MARC21/slim http://www.loc.gov/standards/marcxml/schema/MARC21slim.xsd"
    xmlns="http://www.loc.gov/MARC21/slim">

  <leader>00427nas a22001817i 4500</leader>
  <datafield tag="999" ind1=" " ind2=" ">
    <subfield code="c">2668</subfield>
    <subfield code="d">2668</subfield>
  </datafield>
  <controlfield tag="001">2695</controlfield>
  <controlfield tag="003">OSt</controlfield>
  <controlfield tag="005">20180810125825.0</controlfield>
  <controlfield tag="007">tu</controlfield>
  <controlfield tag="008">161220b        xxu||||| |||| 00| 0     d</controlfield>
  <datafield tag="024" ind1="7" ind2=" ">
    <subfield code="a">2694</subfield>
    <subfield code="2">RID</subfield>
  </datafield>
  <datafield tag="040" ind1=" " ind2=" ">
    <subfield code="c">OSt</subfield>
  </datafield>
  <datafield tag="110" ind1="2" ind2=" ">
    <subfield code="a">Osteuropa-Institut &lt;M&#xFC;nchen&gt;</subfield>
    <subfield code="e">Ed.</subfield>
  </datafield>
  <datafield tag="245" ind1=" " ind2=" ">
    <subfield code="a">M&#xFC;nchener Gespr&#xE4;che &#xFC;ber Osteuropa</subfield>
  </datafield>
  <datafield tag="260" ind1=" " ind2=" ">
    <subfield code="a">M&#xFC;nchen :</subfield>
    <subfield code="b">Osteuropa-Institut</subfield>
  </datafield>
  <datafield tag="300" ind1=" " ind2=" ">
    <subfield code="b">nicht kat.</subfield>
  </datafield>
  <datafield tag="942" ind1=" " ind2=" ">
    <subfield code="c">SE</subfield>
  </datafield>
  <datafield tag="952" ind1=" " ind2=" ">
    <subfield code="0">0</subfield>
    <subfield code="1">0</subfield>
    <subfield code="4">0</subfield>
    <subfield code="7">0</subfield>
    <subfield code="a">BIB</subfield>
    <subfield code="b">BIB</subfield>
    <subfield code="c">3</subfield>
    <subfield code="d">1997-08-03</subfield>
    <subfield code="i">2695</subfield>
    <subfield code="l">0</subfield>
    <subfield code="p">302693</subfield>
    <subfield code="r">2017-01-26 00:00:00</subfield>
    <subfield code="w">2017-01-26</subfield>
    <subfield code="y">SE</subfield>
  </datafield>
</record>
